Online
Catalog

Notas de derecho constitucional / (Record no. 49136)

MARC details
000 -CABECERA
campo de control de longitud fija 01113nam a2200313 a 4500
001 - NÚMERO DE CONTROL
campo de control
003 - IDENTIFICADOR DEL NÚMERO DE CONTROL
campo de control OSt
005 - FECHA Y HORA DE LA ÚLTIMA TRANSACCIÓN
campo de control 20250502073820.0
008 - DATOS DE LONGITUD FIJA--INFORMACIÓN GENERAL
campo de control de longitud fija 100219s1980 dr r 000 0 spa d
040 ## - FUENTE DE LA CATALOGACIÓN
Centro catalogador/agencia de origen DO-SdBNP
Lengua de catalogación spa
Centro/agencia transcriptor BNPHU
082 ## - NÚMERO DE LA CLASIFICACIÓN DECIMAL DEWEY
Número de clasificación 342.7293
Número de documento/Ítem A516no1980
100 1# - ENTRADA PRINCIPAL--NOMBRE DE PERSONA
Nombre de persona Amiama, Manuel A.
Fechas asociadas al nombre 1899-1991
9 (RLIN) 8438
245 10 - MENCIÓN DE TÍTULO
Título Notas de derecho constitucional /
Mención de responsabilidad, etc. Manuel A. Amiama ; prólogo Juan Tomás Mejía Feliú.
250 ## - MENCIÓN DE EDICIÓN
Mención de edición 4a.ed.
260 ## - PUBLICACIÓN, DISTRIBUCIÓN, ETC.
Lugar de publicación, distribución, etc. Santo Domingo :
Nombre del editor, distribuidor, etc. Publicaciones ONAP,
Fecha de publicación, distribución, etc. 1980.
300 ## - DESCRIPCIÓN FÍSICA
Extensión 236 p. ;
Dimensiones 22 cm.
490 1# - MENCIÓN DE SERIE
Mención de serie Estudios jurídicos
Designación de volumen o secuencia 1
500 ## - NOTA GENERAL
Nota general
504 ## - NOTA DE BIBLIOGRAFÍA, ETC.
Nota de bibliografía, etc. Bibliografía : p. 235-236
590 ## - NOTA LOCAL (RLIN)
Nota local Inventariado, 2020/VM
650 #0 - PUNTO DE ACCESO ADICIONAL DE MATERIA--TÉRMINO DE MATERIA
Término de materia o nombre geográfico como elemento de entrada Derecho constitucional
9 (RLIN) 10314
651 #4 - PUNTO DE ACCESO ADICIONAL DE MATERIA--NOMBRE GEOGRÁFICO
Nombre geográfico República Dominicana
Subdivisión general Derecho constitucional
9 (RLIN) 9303
651 #4 - PUNTO DE ACCESO ADICIONAL DE MATERIA--NOMBRE GEOGRÁFICO
Nombre geográfico República Dominicana
Subdivisión general Constitución
9 (RLIN) 1008
700 12 - PUNTO DE ACCESO ADICIONAL--NOMBRE DE PERSONA
Nombre de persona Mejía Feliú, Juan Tomás,
Término indicativo de función/relación pról.
9 (RLIN) 23984
710 12 - PUNTO DE ACCESO ADICIONAL--NOMBRE DE ENTIDAD CORPORATIVA
Nombre de entidad corporativa o nombre de jurisdicción como elemento de entrada República Dominicana.
Unidad subordinada Oficina Nacional de Administración y Personal
9 (RLIN) 26398
830 #0 - PUNTO DE ACCESO ADICIONAL DE SERIE-TÍTULO UNIFORME
Título uniforme Estudios jurídicos
Número de parte o sección de la obra 1
9 (RLIN) 59038
910 ## - DATOS DE OPCIÓN DEL USUARIO (OCLC)
Datos de opción del usuario Vmateo / Validado. Control de calidad. EMS
942 ## - ELEMENTOS DE PUNTO DE ACCESO ADICIONAL (KOHA)
Fuente del sistema de clasificación o colocación Dewey Decimal Classification
Tipo de ítem Koha Libro
Holdings
Estado de retiro Estado de pérdida Fuente del sistema de clasificación o colocación Restricciones de uso No para préstamo Localización permanente Ubicación/localización actual Fecha de adquisición Fuente de adquisición Total de préstamos Signatura topográfica completa Código de barras Fecha visto por última vez Precio válido a partir de Tipo de ítem Koha Código de colección Número de copia
    Dewey Decimal Classification Excluido de préstamo Excluido de préstamo Biblioteca Nacional Pedro Henríquez Ureña Patrimonio Dominicano 16.11.2020 Germán Emilio Ornes   BNPHU PD 342.7293 A516no 1980 2020-0494 16.11.2020 16.11.2020 Libro    
    Dewey Decimal Classification Excluido de préstamo Préstamo restrigido Biblioteca Nacional Pedro Henríquez Ureña Patrimonio Dominicano 16.11.2020 Fundación Siglo XXI   BNPHU PD 342.7293 A516no 1980 2020-0495 16.11.2020 16.11.2020 Libro y Folleto Colección Patrimonio Dominicano Patrimonio Dominicano e.2

Powered by Koha